| 000 | 00629nam a22002297a 4500 | ||
|---|---|---|---|
| 001 | AUWbook033530 | ||
| 003 | BDCtgAUW | ||
| 005 | 20260429211923.0 | ||
| 008 | 260427b bg ||||| |||| 00| 0 eng d | ||
| 020 | _a9789849991403 | ||
| 040 |
_aBDCtgAUW _cBDCtgAUW |
||
| 041 | 0 |
_aeng _aben |
|
| 050 | 4 |
_aPK1718 _b.S4 2026 |
|
| 245 | 0 | 0 |
_aSeven monsoons / _cedited by Rubana Huq. |
| 260 |
_aDhaka : _bMonsoonletters, _c2026. |
||
| 300 |
_a175 pages : _bpictures; _c24cm. |
||
| 500 | _aEnglish and Bengali language. | ||
| 650 | 4 | _aPoetry | |
| 700 | 1 |
_aHuq, Rubana. _eeditor _991692 |
|
| 887 |
_28 _aPapia Akter |
||
| 942 |
_2lcc _cBK _n0 _02 |
||
| 999 |
_c18690 _d18690 |
||
| 888 | _28 | ||